000 01166nam0a2200337 4500
001 RU\NLR\bibl\297333
005 20250620144134.0
010 _a5-94563-229-5
_915000
021 _aRU
_b2002-18228
_9916
035 _a(NLR Aleph) 000292644
090 _a1713733
_c1713733
100 _a20020806d2002 |||y0rusy50 ca
101 0 _arus
102 _aRU
105 _aa |||||||||
200 1 _aПять маленьких щенят
_e[Стихи
_eДля чтения взрослыми детям]
_fС. Городецкий
_g[Худож. С. Гвиниашвили]
210 _aМ.
_cСтрекоза-Пресс
_d2002
215 _a[10] с.
_cцв. ил.
_d22
225 1 _aЧто такое хорошо
675 _a821.161.1-93Городецкий
_v3
_zrus
686 _a17.82.93
_2rugasnti
686 _a84(2Рос-Рус)6-5
_2rubbk
686 _aШ9(2)60=Р7-5
700 1 _aГородецкий
_bС. М.
_gСергей Михайлович
_4070
801 0 _aRU
_bRKP
_c20020806
_gPSBO
801 1 _aRU
_bRKP
_c20020806
801 2 _aRU
_bNLR
_c20020916
_grcr
942 _cBOOK
980 _aNB